[Event "Avoine op 22nd"]
[Site "Avoine"]
[Date "2007.07.25"]
[Round "5"]
[White "Kempinski, Andre"]
[Black "Couderc, David"]
[Result "1-0"]
[WhiteElo "2090"]
[BlackElo "1922"]
[PlyCount "41"]
[EventDate "2007.07.21"]
[EventType "swiss"]
[EventRounds "9"]
[EventCountry "FRA"]
[SourceTitle "EXT 2010"]
[Source "ChessBase"]
[SourceDate "2010.11.25"]
[SourceVersion "1"]
[SourceVersionDate "2010.11.25"]
[SourceQuality "1"]

1. e4 d5 2. exd5 Nf6 3. d4 Bg4 4. f3 Bf5 5. g4 Bg6 6. c4 e6 7. g5 Nh5 8. Nc3 Be7 9. Nh3 0-0 10. f4 exd5 11. f5 Bxf5 12. Qxh5 dxc4 13. Be3 Bb4 14. Bxc4 Qe7 15. Kf2 Bxc3 16. bxc3 Qe4 17. Nf4 Qc2+ 18. Qe2 Qxc3 19. Nd5 Qa5 20. Bd2 Qa3 21. Ne7+ 1-0